Science Quiz

Random Science Quiz

Calvin Cycle Quiz Stats

 Plays Quiz not verified by Sporcle

Score 0/11 Timer 15:00
0 Plays Today
Hint % Correct
First Enzymerubisco
71.9%
usesATP
62.6%
regeneration usesATP
62.6%
First Compoundribulose 1, 5 bisphosphate
51.5%
2nd compound3, phosphoglycerate
50.3%
4th compoundglyceraldehyde 3 phosphate
42.7%
reverse glycolysis yieldsglucose
42.1%
3rd compound1,3 bisphosphoglycerate
35.7%
Forms6 carbon intermediate
18.1%
uses and releasesNADPH and Pi
14%
2 G3P go to and 10 G3P go toreverse glycolysis and regeneration
11.7%

You're not logged in!

Compare scores with friends on all Sporcle quizzes.
OR
Log In

Show Comments

Extras

Created Oct 31, 2010ReportNominate
Tags:calvin, cycle

Top Quizzes Today


Score Distribution

Your Account Isn't Verified!

In order to create a playlist on Sporcle, you need to verify the email address you used during registration. Go to your Sporcle Settings to finish the process.

Report this User

Report this user for behavior that violates our Community Guidelines.

Details: